| 000 | 00802nam a2200241 a 4500 | ||
|---|---|---|---|
| 003 | OSt | ||
| 005 | 20240610113446.0 | ||
| 008 | |||
| 020 | _a917106513X (Paperback) | ||
| 040 |
_cNUST _aNUST _beng _dNUST _erda |
||
| 050 | _aBF692.15 RET | ||
| 100 |
_eEditor _qSigne Arnfield |
||
| 245 |
_aRethinking Sexuality in Africa _cSigne Arnfield |
||
| 250 | _aSecond edition. | ||
| 260 |
_aUppsula: _bThe Nordic African Institute, _c2005. |
||
| 336 |
_2:rdacontent _a:text _b:txt |
||
| 337 |
_2:rdamedia _a:unmediated _b:n |
||
| 338 |
_2:rdacarrier _a:volume _b:nc |
||
| 504 | _aIncludes Bibliographical references. | ||
| 650 | _vSexualites |x Africa | ||
| 907 |
_a.b1027165x _b20-05-10 _c17-11-09 |
||
| 942 |
_cBOOKS _2lcc _eSecond edition. _hBF692.15 _kBF _mRET _n0 |
||
| 999 |
_c133719 _d133719 |
||